Normal view
MARC view
- شومسكي ، ناعوم ، ترجمة صبري ، لبنى ، تقديم الحسيني ، مصطفى
Entry Personal Name
001 - CONTROL NUMBER
- control field: 13764
003 - CONTROL NUMBER IDENTIFIER
- control field: JO-AjAnu
005 - DATE AND TIME OF LATEST TRANSACTION
- control field: 20230606072512.0
008 - FIXED-LENGTH DATA ELEMENTS
- fixed length control field: 230606|| aca||aabn | a|a d
040 ## - CATALOGING SOURCE
- Original cataloging agency: JO-AjAnu
- Transcribing agency: JO-AjAnu
100 ## - HEADING--PERSONAL NAME
- Personal name: شومسكي ، ناعوم ، ترجمة صبري ، لبنى ، تقديم الحسيني ، مصطفى
670 ## - SOURCE DATA FOUND
- Source citation: Work cat.: (JO-AjAnu)7079: شومسكي ، ناعوم ، ترجمة صبري ، لبنى ، تقديم الحسيني ، مصطفى , author, الإرهاب الدولي الأسطورة والواقع